• 首页
  • 本馆介绍
  • 公告通知
  • 最新文献
  • 馆藏检索
  • 电子资源
  • 读者导购
  • 参考咨询
  • 我的图书馆
  • 登录
  • 详细信息显示
  • 放入我的书架
  • 预约/预借图书
  • 作者相关作品
  • 分类相关作品
  • 丛书相关作品
  • 出版社相关作品

书目信息

  • 表格格式
  • 工作单格式
  • 卡片格式
题名:
毛泽东的智慧
    
 
作者: 林治波 主编
分册:  
出版信息: 北京   中共中央党校出版社  1998
页数: 528页
开本: 20cm
丛书名:
单 册:
中图分类: A84 , A841.6
科图分类:
主题词: 毛泽东思想--研究 , 毛泽东著作--学习 , 毛泽东著作研究
电子资源:
ISBN: 7-5035-1682-8
000 00686nam0 2200253 450
001 0958990207
005 20090928162457.21
010    @a7-5035-1682-8@dCNY24.00
100    @a20021005d1998 emky0chiy0110 ea
101 0  @achi
102    @aCN@b110000
105    @ay z 000yd
106    @ar
200 1  @a毛泽东的智慧@Amao ze dong de zhi hui@f林治波主编
210    @a北京@c中共中央党校出版社@d1998
215    @a528页@d20cm
606 0  @a毛泽东思想@x研究
606 0  @a毛泽东著作@x学习
606 0  @a毛泽东著作研究
690    @aA84@v3
690    @aA841.6@v4
701  0 @a林治波@f(1963~)@Alin zhi bo@4主编
801  0 @aCN@bNLC@c19990315
905    @a10447@dA841.6@eJY23
    
    毛泽东的智慧/林治波主编 .-北京:中共中央党校出版社,1998
    528页;20cm
    
    
    ISBN 7-5035-1682-8:CNY24.00
    
●
相关链接 在E读中查询图书 在五车中查询图书 在当当中查询图书 在豆瓣中查询图书


正题名:毛泽东的智慧     索取号:A841.6/JY23         预约/预借

序号 登录号 条形码 馆藏地/架位号 状态 备注
1 7804922   278049229   学院路分馆/ [索取号:A841.6/JY23] 在馆    
2 7804923   278049238   学院路分馆/ [索取号:A841.6/JY23] 在馆    
3 7804924   278049247   学院路分馆/ [索取号:A841.6/JY23] 在馆    
4 7804925   278049256   学院路分馆/ [索取号:A841.6/JY23] 在馆    
唐山师范学院图书馆 欢迎您!
大连网信软件有限公司© 版权所有